Search the Library Catalogue
| 000 -LEADER | |
|---|---|
| fixed length control field | 00632nam a2200205Ia 4500 |
| 008 - FIXED-LENGTH DATA ELEMENTS--GENERAL INFORMATION | |
| fixed length control field | 191130s2003##################000#0#eng## |
| 020 ## - INTERNATIONAL STANDARD BOOK NUMBER | |
| ISBN | 130092215 |
| 082 ## - DEWEY DECIMAL CLASSIFICATION NUMBER | |
| Classification number | 006.7 GRA |
| 100 ## - MAIN ENTRY--AUTHOR NAME | |
| Personal name | Gratton, Dean A |
| 245 ## - TITLE STATEMENT | |
| Title | Bluetooth profiles : the definitive guide |
| Statement of responsibility, etc | Dean A. Gratton |
| 260 ## - PUBLICATION, DISTRIBUTION, ETC. (IMPRINT) | |
| Place of publication | Upper Saddle River, NJ |
| Name of publisher | Prentice Hall |
| Year of publication | c2003 |
| 300 ## - PHYSICAL DESCRIPTION | |
| Number of Pages | xx, 569 p. : ill. ; 24 cm. |
| 500 ## - GENERAL NOTE | |
| General note | Includes bibliographical references (p. 547-549) and index |
| 650 ## - SUBJECT ADDED ENTRY--TOPICAL TERM | |
| Topical Term | Bluetooth technology |
| 991 ## - | |
| -- | 369116 |
| Withdrawn status | Lost status | Damaged status | Not for loan | Home library | Current library | Shelving location | Date acquired | Full call number | Accession Number | Cost, replacement price | Price effective from | Koha item type |
|---|---|---|---|---|---|---|---|---|---|---|---|---|
| Anna Centenary Library | Anna Centenary Library | 3RD FLOOR, A WING | 12.10.2020 | 006.7 GRA | 315821 | 4517.00 | 12.10.2020 | Reference |